| Tag |
First Indicator |
Second Indicator |
Subfields |
| LEADER |
00000cam a2200000Ma 4500 |
| 001 |
in00002784210 |
| 005 |
20151202171801.0 |
| 008 |
111020s2012 gw a b 001 0 eng d |
| 020 |
|
|
|a 9783527327577 (set : hbk.)
|
| 020 |
|
|
|a 3527327576 (set : hbk.)
|
| 020 |
|
|
|z 9783527644094 (ePDF)
|
| 020 |
|
|
|z 9783527644070 (obk.)
|
| 020 |
|
|
|z 9783527644087 (ePub)
|
| 020 |
|
|
|z 9783527644100 (Mobi)
|
| 035 |
|
|
|a (OCoLC)ocn758984616
|
| 040 |
|
|
|a UKM
|c UKM
|d BDX
|d YDX
|d KLG
|d WCM
|d UtOrBLW
|
| 049 |
|
|
|a TXAM
|
| 082 |
0 |
|
|a 547.7
|2 23
|
| 090 |
|
|
|a QD381
|b .S89 2012
|
| 245 |
0 |
0 |
|a Synthesis of polymers :
|b new structures and methods /
|c edited by A. Dieter Schlüter, Craig J. Hawker, and Junji Sakamoto.
|
| 264 |
|
1 |
|a Weinheim :
|b Wiley-VCH,
|c [2012]
|
| 264 |
|
4 |
|c ©2012
|
| 300 |
|
|
|a 2 volumes (xxiii, 1177 pages) :
|b illustrations (some color) ;
|c 25 cm.
|
| 336 |
|
|
|a text
|b txt
|2 rdacontent
|
| 337 |
|
|
|a unmediated
|b n
|2 rdamedia
|
| 338 |
|
|
|a volume
|b nc
|2 rdacarrier
|
| 504 |
|
|
|a Includes bibliographical references and index.
|
| 505 |
0 |
|
|a v. 1. Polymer synthesis : an industrial perspective / Sebastian Koltzenburg ; From heterogeneous Ziegler-Natta to homogeneous single-center Group 4 organometallic catalysts : a primer on the coordination polymerization of olefins / Lawrence R. Sita ; Cobalt-mediated radical polymerization / Antoine Debuigne ... [et al.] ; Anionic polymerization : recent advances / Takashi Ishizone and Akira Hirao ; Alkyne metathesis polymerization (ADIMET) and macrocyclization (ADIMAC) / Aaron D. Finke and Jeffrey S. Moore ; The synthesis of conjugated polythiophenes by Kumada cross-coupling / Felix P.V. Koch and Martin Heeney ; "Absolute" asymmetric polymerization within crystalline architectures : relevance to the origin of homochirality / Isabelle Weissbuch and Meir Lahav ; Synthesis of abiotic foldamers / Anzar Khan ; Cylindrical polymer brushes / Jiayin Yuan and Axel H.E. Müller ; Block copolymers by multi-mode polymerizations / Mehmet Atilla Tasdelen and Yusuf Yagci ; Advances in the synthesis of cyclic polymers / Ravinder Elupula, Boyd A. Laurent, and Scott M. Grayson ; Cyclodehydrogenation in the synthesis of graphene-type molecules / Milan Kivala ... [et al.] ; Polymerizations in micro-reactors / Arend Jan Schouten ; Miniemulsion polymerization / Katharina Landfester and Daniel Crespy ; New conjugated polymers and synthetic methods / Anne J. McNeil and Erica L. Lanni ; Polycatenanes / Zhenbin Niu and Harry W. Gibson ; Multicyclic polymers / Takuya Yamamoto and Yasuyuki Tezuka -- v. 2. Ring-opening metathesis polymerization / Michael R. Buchmeiser ; Recent advances in ADMET polycondensation chemistry / Erik B. Berda and Kenneth B. Wagener ; Macromolecular engineering via RAFT chemistry : from sequential to modular design / Christopher Barner-Kowollik, James P. Blinco, and Sébastien Perrier ; Suzuki polycondensation / Junji Sakamoto and A. Dieter Schlüter ; Enzymatic polymerization / Hiroshi Uyama ; Hyperbranched polymers : synthesis and characterization aspects / Brigitte Voit , Hartmut Komber, and Albena Lederer ; Emulsion polymerization /Hugo F. Hernandez and Klaus Tauer ; Carbocationic polymerization / Priyadarsi De and Rudolf Faust ; From star-like to dendrimer-like polymers / Daniel Taton ; Two-dimensional polymers / Junji Sakamoto and A. Dieter Schlüter ; Poly(para-phenylene vinylene)s / Nicole Vilbrandt ... [et al.] ; "Click" chemistry in polymer science : CuAAC and thiol-ene coupling for the synthesis and functionalization of macromolecules / Maxwell J. Robb and Craig J. Hawker ; Carbenes in polymer synthesis / Kyle A. Williams, Bethany M. Neilson, and Christopher W. Bielawski ; Polymerization in confined geometries / Takashi Uemura and Susumu Kitagawa ; Accelerated approaches to dendrimers / Marie Valèrie Walter and Michael Malkoch ; Supramolecular polymers / Marko M.L. Nieuwenhuizen, Wilco P.J. Appel, and E.W. Meijer ; Nucleic acid polymers and DNA synthetic polymer hybrid materials generated by molecular biology techniques / Minseok Kwak and Andreas Hermann ; Cyclodextrin-based polyrotaxanes / Akira Harada and Hiroyasu Yamaguchi ; Dendronized polmers : an approach to singular molecular objects / Anzar Khan, Baozhong Zhang, and A. Dieter Schlüter.
|
| 650 |
|
0 |
|a Polymers.
|
| 650 |
|
0 |
|a Polymerization.
|
| 700 |
1 |
|
|a Schlüter, A.-Dieter.
|
| 700 |
1 |
|
|a Hawker, Craig J.
|
| 700 |
1 |
|
|a Sakamoto, Junji.
|
| 945 |
|
|
|a PromptCat
|b 125047
|
| 946 |
|
|
|a stk
|
| 947 |
|
|
|a A14835937954
|
| 947 |
|
|
|a A14835937996
|
| 948 |
|
|
|a cataloged
|b h
|c 2012/12/14
|d c
|e dmitchel
|f 12:44:16 pm
|
| 994 |
|
|
|a 92
|b TXA
|
| 999 |
|
|
|a MARS
|
| 999 |
f |
f |
|s 130b31c5-a6ae-31d1-a2ba-4fb087843aba
|i 8ec773ad-22b0-3baa-ad8d-060edf260851
|t 0
|
| 952 |
f |
f |
|p normal
|a Texas A&M University
|b College Station
|c Sterling C. Evans Library
|d Evans: Library Stacks
|t 0
|e QD381 .S89 2012
|h Library of Congress classification
|i unmediated -- volume
|k v.1
|m A14835937954
|
| 952 |
f |
f |
|p normal
|a Texas A&M University
|b College Station
|c Sterling C. Evans Library
|d Evans: Library Stacks
|t 0
|e QD381 .S89 2012
|h Library of Congress classification
|i unmediated -- volume
|k v.2
|m A14835937996
|
| 998 |
f |
f |
|a QD381 .S89 2012
|s v.1-2
|t 0
|l Evans: Library Stacks
|